'L' Celebrity Images Quiz Stats

Quiz Updated May 9, 2013

Challenge
Share
Tweet
Score 0/20 Timer 05:00
2 Plays Today
% Correct
Jennifer Lopez
93.8%
Jay Leno
90.9%
Heath Ledger
77.6%
Courtney Love
72%
Hugh Laurie
71.7%
Matt LeBlanc
70.5%
Jude Law
69.5%
Eva Longoria
64.4%
Spike Lee
62.8%
Angela Lansbury
53.4%
% Correct
Jane Lynch
48.4%
John Legend
45.7%
Juliette Lewis
42.6%
Rush Limbaugh
41.2%
Sugar Ray Leonard
40.9%
Nathan Lane
40.7%
Lyle Lovett
40.1%
Emeril Lagasse
38.1%
Tommy Lasorda
38%
Evangeline Lilly
26.5%

You're not logged in!

Compare scores with friends on all Sporcle quizzes.
Sign Up with Email
OR
Log In

You Might Also Like...

Show Comments

Extras

Top Quizzes Today


Score Distribution

Your Account Isn't Verified!

In order to create a playlist on Sporcle, you need to verify the email address you used during registration. Go to your Sporcle Settings to finish the process.

Report this User

Report this user for behavior that violates our Community Guidelines.

Details: